000 01837nam0a2200325 4500
001 RU\NLR\BIBL_A\012559107
005 20210811151953.0
010 _a978-5-93162-394-8
_9500
021 _aRU
_bКН-П-21-013534
_9КН-П-21-1090
035 _a(NLR Aleph) 012559107
090 _a12455053
_c12455053
100 _a20210706d2020 k y0rusy50 ca
101 0 _arus
102 _aRU
105 _a |||z|||000zy
181 0 _ai3
_baxxe
182 0 _an
200 1 _aПодготовка студентов педагогических вузов к формированию коммуникативной компетенции обучающихся
_eмонография
_fН.С. Шкитина
_gМинистерство просвещения Российской Федерации, Федеральное государственное бюджетное образовательное учреждение высшего образования "Южно-Уральский государственный гуманитарно-педагогический университет" (ФГБОУ ВО "ЮУрГГПУ")
203 _aТекст
_bвизуальный
_cнепосредственный
210 _aЧелябинск
_cБиблиотека А. Миллера
_d2020
215 _a174, [2] с.
_cил., табл.
_d20
320 _aБиблиогр.: с. 167-174 (92 назв.)
606 1 _aВысшие педагогические учебные заведения
_xСтуденты
_xРазвитие коммуникативности
_92513620
_3RU\NLR\AUTH\661489932
686 1 _aЧ489.511.352.25
700 1 _aШкитина
_bН. С.
_gНаталья Сергеевна
942 _cBOOK
980 _aNBR
980 _aNB